<?xml version="1.0" encoding="UTF-8"?>
<record
    xmlns:xsi="http://www.w3.org/2001/XMLSchema-instance"
    xsi:schemaLocation="http://www.loc.gov/MARC21/slim http://www.loc.gov/standards/marcxml/schema/MARC21slim.xsd"
    xmlns="http://www.loc.gov/MARC21/slim">

  <leader>02603nam a2200277   4500</leader>
  <controlfield tag="001">ESSALUD</controlfield>
  <controlfield tag="005">20260701103721.0</controlfield>
  <controlfield tag="007">ta</controlfield>
  <controlfield tag="008">      t        pe ||||| |||| 00| 0 spa d</controlfield>
  <datafield tag="040" ind1=" " ind2=" ">
    <subfield code="a">BMG</subfield>
  </datafield>
  <datafield tag="041" ind1=" " ind2=" ">
    <subfield code="a">spa</subfield>
  </datafield>
  <datafield tag="100" ind1=" " ind2=" ">
    <subfield code="a">Barrera Torres, C&#xE9;sar Alfredo </subfield>
    <subfield code="e">Autor</subfield>
    <subfield code="9">52925</subfield>
  </datafield>
  <datafield tag="245" ind1=" " ind2=" ">
    <subfield code="a">La oralidad reforzada y el Expediente Judicial Electr&#xF3;nico</subfield>
  </datafield>
  <datafield tag="246" ind1=" " ind2=" ">
    <subfield code="a">Enhanced orality and the Electronic Judicial Record</subfield>
  </datafield>
  <datafield tag="300" ind1=" " ind2=" ">
    <subfield code="a">p&#xE1;ginas 22-43</subfield>
  </datafield>
  <datafield tag="520" ind1=" " ind2=" ">
    <subfield code="a">El autor refiere que el nuevo modelo de la oralidad reforzada en el &#xE1;mbito civil no solo pretende que las partes lleven a cabo las actuaciones mediante el uso de la palabra hablada, sino que exige una profunda reconfiguraci&#xF3;n del rol del juzgador. As&#xED;, considera que la oralidad reforzada se asienta en la figura de un juez director y activo, que asume, entre otras cosas, la conducci&#xF3;n personal e inmediata de la actividad probatoria. Igualmente, afirma que una verdadera cultura de la oralidad se consolidar&#xE1; cuando el sistema judicial adopte un modelo h&#xED;brido y flexible, donde la virtualidad se use estrat&#xE9;gicamente para actos procesales de menor intensidad probatoria (audiencias preliminares o de conciliaci&#xF3;n) y la presencialidad o la infraestructura h&#xED;brida se reserve para la pr&#xE1;ctica de pruebas cruciales.</subfield>
  </datafield>
  <datafield tag="520" ind1=" " ind2=" ">
    <subfield code="a">The authar asserts that the new model of enhanced arality in civil proceedings does not mere/y intend far porties ta conduct proceedings
through the spoken word; rather, it demands a profound reconfiguration of the judicial role. Consequently, the author posits thot enhanced orality is grounded in the fig ure of a praactive presiding j udge who assumes, among other responsibilities, the personal and immediate conduct of the evidentiary phase. Furthermore, the author maintains that a true culture of orality with be consolidated only when the j udicial system adopts a hybrid and flexible model. In this model, virtual proceedings are used strategically far pracedura acts of lower evidentiary intensity (such as preliminary or settlement hearings), while in -person attendance or hybrid infrastructure is reserved far the taking of
criticalevidence.</subfield>
  </datafield>
  <datafield tag="650" ind1=" " ind2=" ">
    <subfield code="a">ORALIDAD CIVIL</subfield>
    <subfield code="9">52926</subfield>
  </datafield>
  <datafield tag="650" ind1=" " ind2=" ">
    <subfield code="a">PRINCIPIO DE INMEDIATEZ</subfield>
    <subfield code="9">52927</subfield>
  </datafield>
  <datafield tag="650" ind1=" " ind2=" ">
    <subfield code="a">ROL ACTIVO DEL JUEZ</subfield>
    <subfield code="9">52928</subfield>
  </datafield>
  <datafield tag="650" ind1=" " ind2=" ">
    <subfield code="a">CIVIL ORALITY</subfield>
    <subfield code="9">52929</subfield>
  </datafield>
  <datafield tag="650" ind1=" " ind2=" ">
    <subfield code="a">PRINCIPIE OF IMMEDIACY</subfield>
    <subfield code="9">52930</subfield>
  </datafield>
  <datafield tag="650" ind1=" " ind2=" ">
    <subfield code="a">ACTIVE ROLE OF THE JUDGE</subfield>
    <subfield code="9">52931</subfield>
  </datafield>
  <datafield tag="773" ind1="0" ind2=" ">
    <subfield code="0">22573</subfield>
    <subfield code="9">22620</subfield>
    <subfield code="d">Lima Grupo Praxis Formaci&#xF3;n Profesional, 2026-</subfield>
    <subfield code="o">PRA001</subfield>
    <subfield code="t">Praxis Civil &amp; Procesal Civil</subfield>
    <subfield code="w">ESSALUD</subfield>
    <subfield code="x">3119-7671</subfield>
  </datafield>
  <datafield tag="942" ind1=" " ind2=" ">
    <subfield code="c">ARTICULOS</subfield>
    <subfield code="e">2026-06-30</subfield>
    <subfield code="z">sqb</subfield>
  </datafield>
  <datafield tag="999" ind1=" " ind2=" ">
    <subfield code="c">22575</subfield>
    <subfield code="d">22575</subfield>
  </datafield>
</record>
